000 01143nac a22003617a 4500
001 BR0103977
003 BR-BrBNA
005 20240105122620.0
008 230509b bl.|||m| |||| 00| 0 por d
040 _aBR-BrBNA
_bpor
_cBiblioteca Nacional de Agricultura
072 _aH50
090 _a1930 BR0103977
100 1 _aTeixeira Neto, J.F.
100 1 _aSimao Neto, M.
100 1 _aCouto, W.S.
100 1 _aDias Filho, M.B.
100 1 _aSilva, A. de B.
100 1 _aDuarte, M. de L.R.
100 1 _aAlbuquerque, F.C. de
110 1 _aEMBRAPA Amazonia Oriental, Belem, PA (Brasil)
245 1 _aProvaveis causas da morte do capim-braquiarao (Brachiaria brizantha cv. Marandu)na Amazonia Oriental
260 3 _aBelem, PA (Brasil):
_c2000.
300 _a20 p.
490 _aDocumentos - EMBRAPA Amazonia Oriental (Brazil)
_vno. 36
_xISSN 1517-2201
500 _a5 ref.
650 _aCapim Brachiaria
650 _aDeficiencia Hidrica
650 _aDeficiencia Nutricional
650 _aDoenca de Planta
650 _aDisturbio Vegetal
909 _a202312
_bLúcia Elande
_c55
_dLúcia Elande
942 _2AGRIS
_n0
_cMS
999 _c291935
_d291935